000 02561cam a2200577 i 4500
001 xx004717050
003 NUKAT
005 20260416125119.0
008 191008s2019 pl i |000 0 pol c
020 _a9788380981454
035 _a(OCoLC)1126633659
035 _a(NUKAT)xx004717050
040 _aWA U/EBA
_bpol
_erda
_cWA U/EBAs
_dWA U/DSW
_dWA 14/PTs
045 2 _bd1933
_bd1945
046 _k2019
245 0 0 _aZbiór fotografii Głównej Komisji Badania Zbrodni przeciwko Narodowi Polskiemu - Instytutu Pamięci Narodowej :
_bindeksy /
_cindeks nazwisk i pseudonimów Małgorzata Bielak, Łukasz Rybak ; indeks nazw geograficznych Paweł Tomasik, Cyprian Wilanowski ; Instytut Pamięci Narodowej Komisji Ścigania Zbrodni przeciwko Narodowi Polskiemu.
260 _a[Warszawa] :
_bInstytut Pamięci Narodowej Komisja Ścigania Zbrodni przeciwko Narodowi Polskiemu,
_c© copyright 2019.
300 _a286, [2] strony ;
_c25 cm.
336 _aTekst
_btxt
_2rdacontent
337 _aBez urządzenia pośredniczącego
_bn
_2rdamedia
338 _aWolumin
_bnc
_2rdacarrier
380 _aKsiążki
380 _aPublikacje informacyjne
388 1 _a2001-
500 _aMiejsce wydania na podstawie serwisu e-ISBN.
510 3 _aBNPol online
610 2 7 _aInstytut Pamięci Narodowej
_2DBN
_939618
610 2 7 _aInstytut Pamięci Narodowej - Komisja Ścigania Zbrodni przeciwko Narodowi Polskiemu
_vkatalogi.
_2kaba
_940161
648 7 _a1901-2000
_2DBN
_934996
648 7 _a1918-1939
_2DBN
_936041
648 7 _a1939-1945
_2DBN
_936042
650 7 _aFotografia dokumentalna
_2DBN
_939457
650 7 _aII wojna światowa (1939-1945)
_2DBN
_935099
650 7 _aLudobójstwo niemieckie (1939-1945)
_2DBN
_935441
650 7 _aTrzecia Rzesza (1933-1945)
_2DBN
_940162
650 7 _aZbiory archiwalne
_2DBN
_937406
650 7 _aFotografie
_xkolekcje publiczne
_zPolska
_vkatalogi.
_2kaba
_940163
651 7 _aNiemcy
_2DBN
_935243
651 7 _aPolska
_2DBN
_935076
655 7 _aIndeksy
_2DBN
_939283
658 _aBezpieczeństwo i wojskowość
658 _aBibliotekarstwo, archiwistyka, muzealnictwo
658 _aHistoria
700 1 _aBielak, Małgorzata.
_eIndeks
_940164
700 1 _aRybak, Łukasz
_c(historia).
_eIndeks
_940165
700 1 _aTomasik, Paweł.
_eIndeks
_940166
700 1 _aWilanowski, Cyprian
_d(1960- ).
_eIndeks
_940167
710 2 _aInstytut Pamięci Narodowej - Komisja Ścigania Zbrodni przeciwko Narodowi Polskiemu.
_eInstytucja sprawcza
_eWydawca
_4pbl
_911792
920 _a978-83-8098-145-4
942 _2ddc
_cBK_NM
999 _c27612
_d27612